Quizzes
Events
Quiz Creation
Community
Videos
Private Events
Remove Ads
Sign In
Join for FREE
Feedback
Dark Mode
Quiz Categories
Sports
Geography
Music
Movies
Television
Just For Fun
Miscellaneous
History
Literature
Language
Science
Gaming
Entertainment
Religion
Holiday
For Kids
Quiz Lab
Recent
Popular Today
Quiz Kudos Today
Editor Picks
Curator Picks
Quizzes by...
Day
Popularity
Type
Ratings
Length
Year
Community
Subscriptions
Recent Discussions
Orange Saloon
Badges
Playlists
Quests
Create
Leaderboards
Showdown
Live 5
Trivia Bingo
Activity
Puzzle Library
Sporcle Events
Private Events
Virtual Trivia
Globe League
Become a Host
Pub Owners
SporcleCon
Opinionation
Our Games
Videos
Blog
Mobile Apps
Partnerships
Remove Ads and Go Orange
Feedback
Geography
Country
Landmarks
City
State
Population
World
Capital
Continent
Flags
Europe
Africa
Asia
South America
North America
Oceania
Border
Canada
United Kingdom
Topography
United States
Geography
Country
Landmarks
City
State
Population
World
Capital
Continent
Flags
Europe
Africa
Asia
South America
North America
Oceania
Border
Canada
United Kingdom
Topography
United States
Random Quiz
Search Sporcle
×
Quiz Lab
Quiz Lab
Geography
Population
Type in answers that appear in a list
Type in answers that appear in a list
Classic
Best Score? Go Orange.
Least Populous Countries by Criteria Stats
Can you name the least populous countries by their categories
By
NvjdsIsSmart
8m
40 Questions
159 Plays
159 Plays
159 Plays
Comments
Comments
Give Quiz Kudos
Give Quiz Kudos
-
- Ratings
hide this ad
More Info
Replay
Link that replays current quiz
Next Quiz
Link to next quiz in quiz playlist
You Got
0%
They Got
Avg Score
77%
Avg Friend Score
Upgrade to see
Score Distribution
Jump to the score distribution portion of the page
Score
0/40
Timer
08:00
0
Plays Today
Hint
Answer
% Correct
Landlocked Countries
Vatican City
98.1%
Landlocked Countries
San Marino
95%
Countries starting with 'S'
San Marino
95%
Landlocked Countries
Liechtenstein
91.2%
Landlocked Countries
Andorra
91.2%
Countries with 2+ borders
Liechtenstein
91.2%
Countries with 2+ borders
Andorra
91.2%
Countries starting with 'S'
Seychelles
87.4%
Countries in Africa
Seychelles
87.4%
Island Nations
Nauru
86.2%
Island Nations
Saint Kitts and Nevis
86.2%
Countries starting with 'S'
Saint Kitts and Nevis
86.2%
Island Nations
Palau
85.5%
Landlocked Countries
Luxembourg
83%
Countries in Asia
Brunei
83%
Countries starting with 'S'
Saint Lucia
83%
Countries with 2+ borders
Luxembourg
83%
Countries starting with 'S'
Saint Vincent and the Grenadines
82.4%
Island Nations
Tuvalu
81.1%
Countries in Asia
The Maldives
81.1%
Hint
Answer
% Correct
Countries in Asia
Bahrain
81.1%
Countries in Africa
Cabo Verde
79.9%
Countries in Asia
Bhutan
78.6%
Countries in Africa
Sao Tome and Principe
78%
Countries who gained independence from France
Monaco*
76.7%
Countries larger than 500,000 square kilometers
Mongolia
76.1%
Countries in Africa
Comoros
75.5%
Countries who gained independence from France
Comoros
75.5%
Countries in Asia
Timor-Leste
72.3%
Island Nations
Marshall Islands
69.8%
Countries in Africa
Djibouti
68.6%
Countries who gained independence from France
Djibouti
68.6%
Countries who gained independence from France
Vanuatu
67.9%
Countries with 2+ borders
Suriname
63.5%
Countries with 2+ borders
Belize
57.2%
Countries larger than 500,000 square kilometers
Mauritania
56%
Countries larger than 500,000 square kilometers
Namibia
50.9%
Countries larger than 500,000 square kilometers
Botswana
49.7%
Countries who gained independence from France
Gabon
44.7%
Countries larger than 500,000 square kilometers
Central African Republic
43.4%
Quiz Playlist
Details
Report
Send in Message
Add To Playlist
More Info:
*The house of Grimaldi began rule of Monaco in 1419, meaning Monaco belonged to France at one point
Classic:
Type in answers that appear in a list
Quiz Source
Last Updated: Feb 16, 2017
Quiz Scoreboard
CHALLENGE
Sign Up to Join the Scoreboard
Show All
Scores
Hide
Comments
May contain spoilers
Recently Published
Presidents Visiting Landmarks
by Hejman
History
7m
An Introduction to Baseball
by treessimontrees
Sports
5m
Movies - When Are They Set?
by FPL_Elf
Movies
5m
More to Explore
Quiz From the Vault
Featured Blog Post
Where Did the Easter Bunny Come From?
hide this ad
You Might Also Like...
Tags
Country Quiz
Population Quiz
Category
Criteria
least
Today's Top Quizzes in Geography
Browse Geography
hide this ad
Today's Top Quizzes in Population
Browse Population
Top Contributed Quizzes in Geography
1
Countries of the World - No Outlines Minefield
2
Top 25 Cities of France on a map
3
Any capital of a 'B' country per Continent
4
Closest Countries to UK A-Z
5
Any capital of a 'C' country per Continent
6
One Thing in Common: United Kingdom
7
Any capital of a 'D' country per Continent
8
5-to-1: US Geography No Hints
9
Any capital of an 'E' country per Continent
10
Find the Provinces of Canada - No Outlines Minefield
Explore More
Trending Topics
Anime
NBA
Harry Potter
Marvel
Kpop
Crossword
Disney
The Office
WWE
Country
NFL
Song
Pokémon
Puzzle
Soccer
hide this ad
More By:
NvjdsIsSmart
Quiz
Plays
Rating
Category
Featured
Created
Most Populous States Minefield
658,379
4.26
Geography
Jul 1, 2011
Country by Continent/Beginning Letter
277,704
4.74
Geography
Feb 23, 2011
24 Largest Countries Alphabetically
241,922
3.14
Geography
Aug 19, 2011
Most Populous Country A-Z Minefield
146,623
3.80
Geography
Aug 17, 2011
Least Populous States Minefield
115,621
4.33
Geography
Jul 7, 2011
Go to Creator's Profile
Score Distribution
Quiz Creator Spotlight
NvjdsIsSmart
Follow
Send a Message
Quizzes Created
-
Created Quiz Play Count
-
More By This Creator
Popular Quizzes Today
1
Find the US States - No Outlines Minefield
2
Find the Countries of Europe - No Outlines Minefield
3
The Countries of the World
4
Find the US States
5
Popular People in 1961
6
US States
7
Risky Map Clicking: Biggest States A-Z
8
Movies - When Are They Set?
More Geography Quizzes
Gimme Five: African Geography
Published
Trending Quizzes
Risky Map Clicking: Least Populous States A-Z
1-10 Letter G Words
1-10 Letter F Words
Risky Map Clicking: Next State Alphabetically
Risky Map Clicking: Biggest States A-Z
Recently Updated
Leaping Animals
pecheneg
Reality TV Shows (A-Z)
bhenderson79
Rickey Henderson's Hall of Fame Teammates
pecheneg
Champions League XIs: Arsenal
pecheneg
Quick Pick: Celebrities in WWE's Hall of Fame
aduchscher
A-Z Keypad Blitz II
pecheneg
Multiple Oscar Actors
pecheneg
Mystery Phrase Blitz: Oscar 'Best Actors'
pecheneg
F. Scott Fitzgerald Novels
LTH
Pick 3 Villains
ddd62291
Trending Topics
Marvel
NBA
Disney
Anime
Kpop
Crossword
Harry Potter
Pokémon
The Office
Puzzle
WWE
Song
Soccer
NFL
Country
Your Account Isn't Verified!
In order to create a playlist on Sporcle, you need to verify the email address you used during registration. Go to your
Sporcle Settings
to finish the process.
Report this User
Report this user for behavior that violates our
Community Guidelines
.
Details:
Send Report
Go to the Sporcle.com Mobile Site →
Comments